000 00813nam a2200253Ia 4500
003 OSt
005 20220923222731.0
006 a|||||r|||| 00| 0
007 ta
008 220922b |||||||| |||| 00| 0 hin d
024 _a207,310
037 _cTextual
040 _aARTS
_cARTS
_bhin
041 _2hin
_ahin
082 _aO152,3NKA9x, M6
100 _aकालड़ा, कुलभूषण
_9156271
245 0 _aपल पल का जीवन
246 _aPal pal kā jīvana
260 _aदिल्ली
_b प्रेम प्रका0मंदिर
_c1986
300 _a84पृ.
_ccm.
650 _aहिन्दी साहित्य
_9156264
942 _hO152,3NKA9x, M6
_cTEXL
_2CC
999 _c357927
_d357927